Statistics for Who I am ? #02

Click here to take the quiz!

General Stats

  • This quiz has been taken 14 times
  • The average score is 4 of 5

Answer Stats

CluesCharacters% Correct
I was born in Salzburg on January 27, 1756 and died in Vienna on December 5, 1791.
I am an Austrian composer.
I travel from the age of seven to the four corners of Europe where I charm audiences.
I left an impressive body of work (893 works are listed in the Köchel catalogue), which embraces all the musical genres of my time.
According to my contemporaries, I was, on the piano as on the violin, a virtuoso.
I brought to a point of perfection the concerto, the symphony, and the sonata, which after me became the principal forms of classical music.
I was one of the greatest masters of opera.
My success has never wavered.
My name has come into common parlance as a synonym of genius and virtuosity.
I am...
Wolfgang Amadeus Mozart ou Johannes Chrysostomus Wolfgangus Theophilus Mozart
100%
I am a fictional character, heroine and narrator of a trilogy written by Suzanne Collins.
I was born on May 8 in District 12.
My father died in the mines.
I saved my little sister Primrose from the Hunger Games.
I am...
Katniss Everdeen
93%
I was born on May 22, 1987 in Belgrade.
I am a professional tennis player.
I am the first player in the ATP ranking.
I'm with Roger Federer and Rafael Nadal, considered one of the best tennis players of all time.
I have won 86 singles titles on the ATP Tour, including 20 Grand Slams, five Masters and 37 Masters 1000.
I am...
Novak Djokovic
79%
I was born on February 26, 1802 in Besançon and died on May 22, 1885 in Paris.
I am a French romantic poet, playwright, writer, novelist and cartoonist.
I am considered one of the most important writers in the French language.
I am also a political personality and a committed intellectual who had a major ideological role and occupies a prominent place in the history of French literature in the 19th century.
In the theater, I established myself as one of the leaders of French romanticism, my poetic work includes several collections of lyrical poems, as a novelist, I met with great popular success, first with Notre-Dame de Paris in 1831 , and more with Les Miserables in 1862.
I am...
Victor Hugo
71%
I am a character from a Spanish novel.
I am from a poor hidalgo (gentleman) of La Mancha.
I am obsessed with chivalry books, which I collect in my library in a sickly way.
One fine day, I take myself for a wandering knight, whose mission is to travel through Spain to fight evil and protect the oppressed.
I take to the road, mounted on my old horse Rossinante, and take as squire a naive peasant, Sancho Panza, who rides a donkey.
I see in the smallest inn an enchanted castle, take the daughters of peasants for beautiful princesses and the windmills for giants sent by evil magicians. I make a peasant woman from my country, Dulcinea of ​​Toboso, whom I will never meet, the lady of my thoughts to whom I swear love and fidelity.
I am...
Alonso Quichano / Don Quixote of la Mancha
64%

Score Distribution

Percentile by Number Answered

Percent of People with Each Score

Your Score History

You have not taken this quiz